Worldwide Media Visibility of NATO, the European Union, and the United Nations in Connection to the Russia-Ukraine War

Teoretický popis celosvetovej mediálnej viditeľnosti NATO, Európskej únie a Organizácie Spojených národov v súvislosti s rusko-ukrajinskou vojnou. Formulácia teoretického rámca, ktorý vyzdvihuje autoritu troch medzinárodných organizácií (IO) a ich konanie ako hybnú silu ich mediálnej viditeľnosti. E...

Descrizione completa

Salvato in:
Dettagli Bibliografici
Autore principale: Parízek, Michal
Natura: Capitolo di libro
Lingua:inglese
Soggetti:
Tags: Aggiungi Tag
Nessun Tag, puoi essere il primo ad aggiungerne!!

MARC

LEADER 00000naa a2200000 4500
001 0295464
005 20240509100912.9
041 0 |a eng 
044 |a CZ 
245 1 0 |a Worldwide Media Visibility of NATO, the European Union, and the United Nations in Connection to the Russia-Ukraine War  |c Michal Parízek 
520 |a Teoretický popis celosvetovej mediálnej viditeľnosti NATO, Európskej únie a Organizácie Spojených národov v súvislosti s rusko-ukrajinskou vojnou. Formulácia teoretického rámca, ktorý vyzdvihuje autoritu troch medzinárodných organizácií (IO) a ich konanie ako hybnú silu ich mediálnej viditeľnosti. Empirická analýza je založená na jedinečnom súbore údajov, ktorý pomocou nástrojov na spracovanie prirodzeného jazyka mapuje obsah viac ako 2,9 milióna publikovaných spravodajských článkov. 
610 2 0 |a vojny 
610 2 0 |a Rusko 
610 2 0 |a Ukrajina 
610 2 0 |a médiá 
100 1 |a Parízek, Michal